Consumer Behavior (Record no. 40028)
[ view plain ]
| 000 -LEADER | |
|---|---|
| fixed length control field | 00399nam a2200133Ia 4500 |
| 008 - FIXED-LENGTH DATA ELEMENTS--GENERAL INFORMATION | |
| fixed length control field | 211109s9999||||xx |||||||||||||| ||und|| |
| 082 ## - DEWEY DECIMAL CLASSIFICATION NUMBER | |
| Classification number | 658.83 |
| Item number | SCH-C |
| 100 ## - MAIN ENTRY--PERSONAL NAME | |
| Personal name | Schiffman, Leon G |
| 245 #0 - TITLE STATEMENT | |
| Title | Consumer Behavior |
| 260 ## - PUBLICATION, DISTRIBUTION, ETC. | |
| Name of publisher, distributor, etc. | Prentice -Hall Inc. |
| Place of publication, distribution, etc. | New Delhi |
| Date of publication, distribution, etc. | 1988 |
| 630 ## - SUBJECT ADDED ENTRY--UNIFORM TITLE | |
| General subdivision | GENERAL STACK |
| 650 ## - SUBJECT ADDED ENTRY--TOPICAL TERM | |
| Topical term or geographic name entry element | Technology |
| 942 ## - ADDED ENTRY ELEMENTS (KOHA) | |
| Koha item type | BOOK |
| 650 ## - SUBJECT ADDED ENTRY--TOPICAL TERM | |
| Form subdivision | Management & auxiliary Services |
| General subdivision | General managementEconomics |
| Withdrawn status | Lost status | Damaged status | Not for loan | Home library | Current library | Date acquired | Cost, normal purchase price | Total Checkouts | Full call number | Barcode | Shelving location | Date last seen | Date last checked out | Price effective from | Koha item type |
|---|---|---|---|---|---|---|---|---|---|---|---|---|---|---|---|
| SB LIBRARY | SB LIBRARY | 09/11/2021 | 100.00 | 1 | 658.83 SCH-C | 00081611 | GENERAL STACK | 08/11/2024 | 24/10/2024 | 09/11/2021 | BOOK |